LEADER 01266nam0-22003251i-450- 001 990001653790403321 005 20081121113928.0 035 $a000165379 035 $aFED01000165379 035 $a(Aleph)000165379FED01 035 $a000165379 100 $a20030910d1751----km-y0itay50------ba 101 0 $afre 102 $aFR 105 $af-------001yy 200 1 $aPratique de l'art de faire éclorre et d'élever en toute saison des oiseaux domestiques de toutes especes, soit par le moyen de le chaleur du fumier, soit par le moyen de celle de feu ordinaire. Par M. de Reaumur... 210 $aÀ Paris$cDe l'imprimerie royale$d1751 215 $aXII, 144 p., 4 c. di tav.$d18 cm 610 0 $aAvicoltura 610 0 $aLibri rari$a1700 676 $a094.2 676 $a636.5 700 1$aRéaumur,$bRené Antoine Ferchault de$f<1683-1757>$087215 801 0$aIT$bUNINA$gRICA$2UNIMARC 901 $aBK 912 $a990001653790403321 952 $a60 094.2 C 95$b1431$fFAGBC 959 $aFAGBC 996 $aPratique de l'art de faire éclorre et d'élever en toute saison des oiseaux domestiques de toutes especes, soit par le moyen de le chaleur du fumier, soit par le moyen de celle de feu ordinaire. Par M. de Reaumur..$9372305 997 $aUNINA LEADER 03330nam0 22006853i 450 001 VAN00279531 005 20241128082829.647 017 70$2N$a9783031253867 100 $a20240710d2023 |0itac50 ba 101 $aeng 102 $aCH 105 $a|||| ||||| 200 1 $aMatrix and Operator Equations and Applications$fMohammad Sal Moslehian editors 210 $aCham$cSpringer$d2023 215 $ax, 765 p.$cill.$d24 cm 410 1$1001VAN00274917$12001 $aMathematics Online First Collections$1210 $aBerlin [etc.]$cSpringer$d2021- 606 $a00B15$xCollections of articles of miscellaneous specific interest [MSC 2020]$3VANC023985$2MF 606 $a15-XX$xLinear and multilinear algebra; matrix theory [MSC 2020]$3VANC020607$2MF 606 $a15A09$xTheory of matrix inversion and generalized inverses [MSC 2020]$3VANC021626$2MF 606 $a15A10$xApplications of generalized inverses [MSC 2020]$3VANC038065$2MF 606 $a15A24$xMatrix equations and identities [MSC 2020]$3VANC023143$2MF 606 $a45-XX$xIntegral equations [MSC 2020]$3VANC020265$2MF 606 $a45Bxx$xFredholm integral equations [MSC 2020]$3VANC022608$2MF 606 $a45Dxx$xVolterra integral equations [MSC 2020]$3VANC022202$2MF 606 $a47-XX$xOperator theory [MSC 2020]$3VANC019759$2MF 606 $a47A50$xEquations and inequalities involving linear operators, with vector unknowns [MSC 2020]$3VANC021955$2MF 606 $a47A62$xEquations involving linear operators, with operator unknowns [MSC 2020]$3VANC035397$2MF 606 $a47J05$xEquations involving nonlinear operators (general) [MSC 220]$3VANC022024$2MF 606 $a47J35$xNonlinear evolution equations [MSC 2020]$3VANC019761$2MF 610 $aBerezin number$9KW:K 610 $aDaugaet equations$9KW:K 610 $aDifferential equations$9KW:K 610 $aGeneralized inverse$9KW:K 610 $aGraph groupoids$9KW:K 610 $aLog-majorization$9KW:K 610 $aMatrix equations$9KW:K 610 $aMatrix polynomial equations$9KW:K 610 $aMatrix quadratic equations$9KW:K 610 $aNumerical range$9KW:K 610 $aOperator Equations$9KW:K 610 $aOperator Mean$9KW:K 610 $aQuaternion matrix equations$9KW:K 610 $aReproducing Kernel Hilbert spaces$9KW:K 610 $aSingular integral operator with shifts$9KW:K 610 $aSplit quaternion$9KW:K 610 $aSylvester equations$9KW:K 610 $aVariational problem$9KW:K 610 $aVolterra-Fredholm integral equations$9KW:K 610 $aYang-Baxter-like matrix equations$9KW:K 620 $aCH$dCham$3VANL001889 702 1$aMoslehian$bMohammad Sal$3VANV232065 712 $aSpringer $3VANV108073$4650 801 $aIT$bSOL$c20250606$gRICA 856 4 $uhttps://doi.org/10.1007/978-3-031-25386-7$zE-book ? Accesso al full-text attraverso riconoscimento IP di Ateneo, proxy e/o Shibboleth 899 $aBIBLIOTECA DEL DIPARTIMENTO DI MATEMATICA E FISICA$1IT-CE0120$2VAN08 912 $fN 912 $aVAN00279531 950 $aBIBLIOTECA DEL DIPARTIMENTO DI MATEMATICA E FISICA$d08DLOAD e-Book 9436 $e08eMF9436 20240715 996 $aMatrix and Operator Equations and Applications$94176194 997 $aUNICAMPANIA